Sports Quiz

Random Sports or MLB Quiz

Kansas City Royals Opening Day Starting Pitchers Quiz Stats

Quiz Updated Apr 2, 2018

Challenge
Share
Tweet
Embed
Score 0/50 Timer 10:00
0 Plays Today
Year Name % Correct
1988Bret Saberhagen
82.7%
1990Bret Saberhagen
82.3%
1991Bret Saberhagen
82.3%
2010Zack Greinke
71.8%
2018Danny Duffy
61.9%
2015Yordano Ventura
57.8%
1992Kevin Appier
54.1%
1993Kevin Appier
53%
1994Kevin Appier
53%
1995Kevin Appier
53%
1996Kevin Appier
53%
1997Kevin Appier
53%
1999Kevin Appier
53%
2016Edinson Volquez
51.7%
2013James Shields
51.3%
2014James Shields
49.7%
1989Mark Gubicza
43.4%
2017Danny Duffy
42.7%
1978Dennis Leonard
42.5%
1979Dennis Leonard
41.6%
1980Dennis Leonard
41.6%
1982Dennis Leonard
41.6%
1987Danny Jackson
39.7%
1976Paul Splittorff
36.9%
1974Paul Splittorff
35.9%
Year Name % Correct
1977Paul Splittorff
35.9%
2007Gil Meche
32.3%
2008Gil Meche
30.8%
2009Gil Meche
30.8%
1981Larry Gura
29.1%
1983Larry Gura
28.6%
1984Bud Black
28.3%
1985Bud Black
27.9%
1986Bud Black
27.9%
1973Steve Busby
25.8%
2003Runelvys Hernandez
25.7%
1975Steve Busby
24.8%
2011Luke Hochevar
19.9%
2000Jeff Suppan
18.3%
2012Bruce Chen
18.2%
2001Jeff Suppan
17.7%
2002Jeff Suppan
17.7%
2004Brian Anderson
17.4%
2005Jose Lima
16.5%
1971Dick Drago
11.5%
1998Tim Belcher
11.3%
1972Dick Drago
11.2%
2006Scott Elarton
10%
1969Wally Bunker
9%
1970Wally Bunker
8.9%

You're not logged in!

Compare scores with friends on all Sporcle quizzes.
Join for Free
OR
Log In

Show Comments

Extras

Top Quizzes Today


Score Distribution

Your Account Isn't Verified!

In order to create a playlist on Sporcle, you need to verify the email address you used during registration. Go to your Sporcle Settings to finish the process.

Report this User

Report this user for behavior that violates our Community Guidelines.

Details: